000 00569nam a2200205Ia 4500
005 20250326144819.0
008 250326s9999 xx 000 0 und d
037 _aTextbook
040 _aFMSL
_beng
_cFMSL
041 _aeng
_2eng
084 _aX.44 Q0
_qFMSL
100 _aPrasad C S
_9491921
245 0 _aIndian economy- a performance review 1947-48 to 2010-11
_cPrasad C S
260 _aNew Delhi
_bNew Delhi, New Century
_c2010
300 _a647p
365 _b2330
650 _aManagement
942 _cTB
_hX.44 Q0
999 _c1305170
_d1305170